| 000 | 00490nam a2200169Ia 4500 | ||
|---|---|---|---|
| 005 | 20250508151753.0 | ||
| 008 | 008 250505s9999 xx 000 0 eng d | ||
| 037 | _aBooks to be hide in OPAC | ||
| 040 |
_aFEDL _beng _cFEDL |
||
| 041 |
_aeng _2eng |
||
| 084 |
_a537-07, LON/O _qFEDL |
||
| 245 | 0 | _aTeaching of electricity : With special reference to the use of M.K.S units | |
| 260 | _c1954 | ||
| 300 | _a135p. | ||
| 942 |
_cHB _h537-07, LON/O |
||
| 999 |
_c1332045 _d1332045 |
||